Florae una revista de FLORA ars+natura/ (Record no. 4124)

MARC details
000 -LEADER
campo de control de longitud fija 01862nam a22004097a 4500
003 - IDENTIFICADOR DE NÚMERO DE CONTROL
campo de control OSt
005 - FECHA Y HORA DE LA ÚLTIMA TRANSACCIÓN
campo de control 20230816095718.0
008 - DATOS DE LONGITUD FIJA--INFORMACIÓN GENERAL
campo de control de longitud fija 220929b |||||||| |||| 00| 0 eng d
040 ## - FUENTE DE CATALOGACIÓN
Centro/agencia transcriptor Biblioteca Lado V
082 ## - NÚMERO DE LA CLASIFICACIÓN DECIMAL DEWEY
Número de clasificación 704.943
Número de ítem R669f
100 ## - ENTRADA PRINCIPAL--NOMBRE DE PERSONA
9 (RLIN) 223
Nombre de persona Roca, Jose
Término indicativo de función/relación editor
245 ## - MENCIÓN DEL TÍTULO
Título Florae una revista de FLORA ars+natura/
Resto del título #1-FLORESTANIA/
260 ## - PUBLICACIÓN, DISTRIBUCIÓN, ETC.
Nombre del editor, distribuidor, etc. FLORA ars+natura
Fecha de publicación, distribución, etc. 2017
Lugar de publicación, distribución, etc. Colombia
300 ## - DESCRIPCIÓN FÍSICA
Extensión 164p.
Dimensiones 17x22cm
490 ## - MENCIÓN DE SERIE
Designación de volumen o secuencia 2017
Mención de serie 3
Número Internacional Normalizado para Publicaciones Seriadas 2462-9324
505 ## - NOTA DE CONTENIDO CON FORMATO
Nota de contenido con formato Los Viajeros Torpes
Mención de responsabilidad Natalia Ginzburg
505 ## - NOTA DE CONTENIDO CON FORMATO
Nota de contenido con formato Estado de la naturaleza
Título Pedro Motta
505 ## - NOTA DE CONTENIDO CON FORMATO
Nota de contenido con formato La mujer tortuga
Mención de responsabilidad Ana Maria Devis
505 ## - NOTA DE CONTENIDO CON FORMATO
Nota de contenido con formato De dónde viene el paisaje?
Mención de responsabilidad José Luis Landet
505 ## - NOTA DE CONTENIDO CON FORMATO
Nota de contenido con formato De ida y de vuelta: Artistas Viajeros en el Arte Colombiano
Título Catalina Ruiz Díaz
505 ## - NOTA DE CONTENIDO CON FORMATO
Nota de contenido con formato Segunda Naturaleza: Gráficas y Abstracciones de lugar
Título Segunda Naturaleza: Gráficas y Abstracciones de lugar<br/><br/>El Periplo de una Imagen
505 ## - NOTA DE CONTENIDO CON FORMATO
Nota de contenido con formato Amazonia Report
Título Amazonia Report, 1976<br/><br/>Golpes en la cáscara/Golpes en la piel<br/><br/>Entrevista a Jonier Marín<br/><br/>Amazonia Report, 2016
505 ## - NOTA DE CONTENIDO CON FORMATO
Nota de contenido con formato Psico-Geografias y Transhistorias
505 ## - NOTA DE CONTENIDO CON FORMATO
Nota de contenido con formato Anti-Aislamiento Creativo
505 ## - NOTA DE CONTENIDO CON FORMATO
Nota de contenido con formato Vine, Vi y me vendí
Mención de responsabilidad María Natalia Leubro
505 ## - NOTA DE CONTENIDO CON FORMATO
Nota de contenido con formato Lo bonito es estar vivo
505 ## - NOTA DE CONTENIDO CON FORMATO
Nota de contenido con formato Las Joyitas
Información miscelánea Luz Angela Lizarazo
505 ## - NOTA DE CONTENIDO CON FORMATO
Nota de contenido con formato Monumentos Privados
Título Monumentos Privados<br/><br/>Ladrón Roba a Ladrón
650 ## - PUNTO DE ACCESO ADICIONAL DE MATERIA--TÉRMINO DE MATERIA
Fuente del encabezamiento o término Tesauro de Arte & Arquitectura
Término de materia o nombre geográfico como elemento de entrada ARTE
650 ## - PUNTO DE ACCESO ADICIONAL DE MATERIA--TÉRMINO DE MATERIA
Fuente del encabezamiento o término Tesauro de Arte & Arquitectura
Término de materia o nombre geográfico como elemento de entrada NATURALEZA
650 ## - PUNTO DE ACCESO ADICIONAL DE MATERIA--TÉRMINO DE MATERIA
Fuente del encabezamiento o término Tesauro de Arte & Arquitectura
Término de materia o nombre geográfico como elemento de entrada ANALISIS
650 ## - PUNTO DE ACCESO ADICIONAL DE MATERIA--TÉRMINO DE MATERIA
Fuente del encabezamiento o término Tesauro de Arte & Arquitectura
Término de materia o nombre geográfico como elemento de entrada CRITICA
650 ## - PUNTO DE ACCESO ADICIONAL DE MATERIA--TÉRMINO DE MATERIA
Fuente del encabezamiento o término Tesauro de Arte & Arquitectura
Término de materia o nombre geográfico como elemento de entrada LITERATURA
650 ## - PUNTO DE ACCESO ADICIONAL DE MATERIA--TÉRMINO DE MATERIA
Fuente del encabezamiento o término Tesauro de Arte & Arquitectura
Término de materia o nombre geográfico como elemento de entrada ECOLOGIA
651 ## - PUNTO DE ACCESO ADICIONAL DE MATERIA--NOMBRE GEOGRÁFICO
Fuente del encabezamiento o término Tesauro de Arte & Arquitectura
Nombre geográfico COLOMBIA
942 ## - ELEMENTOS DE ENTRADA SECUNDARIOS (KOHA)
Fuente del sistema de clasificación o colocación Clasificación Decimal Dewey
Tipo de ítem Koha Libros
Parte de la signatura que corresponde a la clasificación (Parte de la clasificación) 704.943
Parte de la signatura que identifica el ejemplar (Parte del ítem) R669f
Suprimir en OPAC No
Holdings
Estatus retirado Estado de pérdida Fuente del sistema de clasificación o colocación Especificación de materiales (volumen encuadernado u otra parte) Estado de daño No para préstamo Colección Biblioteca de origen Biblioteca actual Fecha de adquisición Enumeración/cronología de publicación seriada Número de inventario Total de préstamos Signatura topográfica completa Código de barras Visto por última vez Precio de reemplazo Tipo de ítem Koha
    Clasificación Decimal Dewey 2017     Revistas Biblioteca LadoV Biblioteca LadoV 16/08/2023 3 004509   704.943 R669f 004509 16/08/2023 16/08/2023 Libros